000 00405nam a22001457a 4500
003 SGT
082 _a616.07
_bH21S
100 _aSHARMA, APARAJITA
245 _aHISTOMORPHOLOGICAL STUDY OF GALL BLADDER DISEASE & THEIR CORRELATION WITH LIVER ENZYME LEVELS AND SONOGRAPHIC FINDINGS
260 _aGURUGRAM
_bSGT UNIVERSITY
_c2021
300 _a80
650 _aPATHOLOGY
653 _aM.D
942 _2ddc
_cTH
999 _c26563
_d26563